Robinson Crusoe / (Registro nro. 10803)
[ vista simple ]
| 000 -LEADER | |
|---|---|
| fixed length control field | 00868nam a22003017a 4500 |
| 001 - CONTROL NUMBER | |
| control field | 00261 |
| 003 - CONTROL NUMBER IDENTIFIER | |
| control field | DO-SdBNP |
| 005 - DATE AND TIME OF LATEST TRANSACTION | |
| control field | 20180202145723.0 |
| 007 - PHYSICAL DESCRIPTION FIXED FIELD--GENERAL INFORMATION | |
| fixed length control field | 00261 |
| 008 - FIXED-LENGTH DATA ELEMENTS--GENERAL INFORMATION | |
| fixed length control field | 151105b 1969 sp |||| |||| 00| 0 spa d |
| 040 ## - CATALOGING SOURCE | |
| Original cataloging agency | BPMSU |
| Language of cataloging | spa |
| Transcribing agency | BPMSU |
| 092 ## - LOCALLY ASSIGNED DEWEY CALL NUMBER (OCLC) | |
| Classification number | 843.8 |
| Item number | D314Ro |
| 100 1# - MAIN ENTRY--PERSONAL NAME | |
| Personal name | Defoe, Daniel, |
| 245 10 - TITLE STATEMENT | |
| Title | Robinson Crusoe / |
| Linkage | Daniel Defoe ; prólogo de Juan Perucho; traductor J. Millás Raurell |
| 260 ## - PUBLICATION, DISTRIBUTION, ETC. (IMPRINT) | |
| Place of publication, distribution, etc. | Madrid : |
| Name of publisher, distributor, etc. | Biblioteca básica Salvat, |
| Date of publication, distribution, etc. | 1982. |
| 300 ## - PHYSICAL DESCRIPTION | |
| Extent | 225 p. : |
| Other physical details | il. ; |
| Dimensions | 20 cm. |
| 490 1# - SERIES STATEMENT | |
| Series statement | Libro RTV |
| Volume/sequential designation | 23 |
| 490 1# - SERIES STATEMENT | |
| Series statement | Aventuras |
| 500 ## - GENERAL NOTE | |
| General note | |
| 650 ## - SUBJECT ADDED ENTRY--TOPICAL TERM | |
| Topical term or geographic name as entry element | NOVELA INGLESA |
| 700 1# - ADDED ENTRY--PERSONAL NAME | |
| Personal name | Raurell, J. Millás |
| 700 12 - ADDED ENTRY--PERSONAL NAME | |
| Personal name | Perucho, Juan |
| Relator term | pról. |
| 830 #0 - SERIES ADDED ENTRY--UNIFORM TITLE | |
| Uniform title | Libro RTV |
| Volume number/sequential designation | 23 |
| Number of part/section of a work | |
| 830 #0 - SERIES ADDED ENTRY--UNIFORM TITLE | |
| Uniform title | Aventuras |
| 942 ## - ADDED ENTRY ELEMENTS (KOHA) | |
| Source of classification or shelving scheme | Dewey Decimal Classification |
| Koha item type | Libros |
| 945 ## - LOCAL PROCESSING INFORMATION (OCLC) | |
| a | Inventariado, 2018 /LP |
| 956 ## - LOCAL ELECTRONIC LOCATION AND ACCESS (OCLC) | |
| Access method | VMATEO |
| Access number | 10 |
| Compression information | 20160708 |
| Path | BPMSU |
| Electronic name | 00069 |
| Withdrawn status | Lost status | Source of classification or shelving scheme | Damaged status | Not for loan | Collection code | Home library | Current library | Date acquired | Source of acquisition | Total Checkouts | Barcode | Date last seen | Price effective from | Koha item type |
|---|---|---|---|---|---|---|---|---|---|---|---|---|---|---|
| Dewey Decimal Classification | Colección General | Biblioteca Pública Metropolitana Salomé Ureña | Biblioteca Pública Metropolitana Salomé Ureña | 07/08/2016 | FUNDI | BPMSU16070325 | 07/08/2016 | 07/08/2016 | Libros |